Sino-American relations : one year after the massacre at Tiananmen Square : hearing before the Subcommittee on East Asian and Pacific Affairs of the Committee on Foreign Relations, United States Senate, One Hundred First Congress, second session, June 6, 1990.

Bibliographic Details
Corporate Authors: United States. Congress. Senate. Committee on Foreign Relations. Subcommittee on East Asian and Pacific Affairs, ProQuest (Firm)
Format: Government Document eBook
Language:English
Published: Washington : U.S. G.P.O., 1991.
Series:U.S. Congressional Hearings.
Subjects:
Online Access:Connect to the full text of this electronic book

MARC

Tag First Indicator Second Indicator Subfields
LEADER 00000cam a22000001a 4500
001 in00003290552
006 m d f
007 cr bn mmmapmmp
008 091022s1991 dcua o f000 0 eng d
005 20260504203010.4
035 |a cis2007459317 
040 |a UMI  |c UMI  |d UtOrBLW 
043 |a n-us--- 
074 |a 1039-A, 1039-B (MF) 
086 0 |a Y 4.F 76/2:S.hrg.101-1125 
099 |a HRG-1990-FOR-0021 
110 1 |a United States.  |b Congress.  |b Senate.  |b Committee on Foreign Relations.  |b Subcommittee on East Asian and Pacific Affairs. 
245 1 0 |a Sino-American relations :  |b one year after the massacre at Tiananmen Square : hearing before the Subcommittee on East Asian and Pacific Affairs of the Committee on Foreign Relations, United States Senate, One Hundred First Congress, second session, June 6, 1990. 
264 1 |a Washington :  |b U.S. G.P.O.,  |c 1991. 
300 |a 1 online resource. 
336 |a text  |b txt  |2 rdacontent 
337 |a computer  |b c  |2 rdamedia 
338 |a online resource  |b cr  |2 rdacarrier 
490 1 |a S. hrg. ;  |v 101-1125 
500 |a Record is based on bibliographic data in ProQuest Congressional Hearings Digital Collection. Reuse except for individual research requires license from ProQuest, LLC. 
538 |a System requirements: PDF reader software. 
500 |a Electronic resource. 
650 0 |a Human rights  |z China. 
651 0 |a China  |x Politics and government  |y 1976-2002. 
651 0 |a China  |x Foreign relations  |z United States. 
651 0 |a United States  |x Foreign relations  |z China. 
655 7 |a Electronic books.  |2 local 
710 2 |a ProQuest (Firm) 
776 0 8 |i Print version:  |a United States. Congress. Senate. Committee on Foreign Relations. Subcommittee on East Asian and Pacific Affairs  |t Sino-American relations  |w (DGPO)91067768  |w (OCoLC)23230437 
776 0 8 |i Microfiche version:  |a United States. Congress. Senate. Committee on Foreign Relations. Subcommittee on East Asian and Pacific Affairs  |t Sino-American relations.  |d [Bethesda, Md.] : ProQuest,[2004]  |o CIS 91 S381-23  |w (ProQuest)cis09102354 
810 1 |a United States.  |b Congress.  |b Senate.  |t S. hrg. ;  |v 101-1125. 
830 0 |a U.S. Congressional Hearings. 
856 4 0 |u http://proxy.library.tamu.edu/login?url=https://congressional.proquest.com/congcomp/getdoc?HEARING-ID=HRG-1990-FOR-0021  |z Connect to the full text of this electronic book  |t 0 
998 |a cis09102354 
999 |a MARS 
999 f f |s 3402bafe-3173-359b-831f-255cd02c6d3e  |i 4841c64e-a84f-382c-8ca6-375ed8685821  |t 0 
952 f f |a Texas A&M University  |b College Station  |c Electronic Resources  |s www_evans  |d Available Online  |t 0  |e HRG-1990-FOR-0021  |h Other scheme 
998 f f |a HRG-1990-FOR-0021  |t 0  |l Available Online